000 00532nam a2200145 4500
999 _c509818
_d509818
008 190616b ||||| |||| 00| 0 eng d
100 _aMaxwell, Douglas S.K.
_96265
245 _aBroadening the human rights discourse , realising socio-economic rights, and balancing rights to property: moving beyond the rhetoric of socio- economic rights and Scottish land reform
260 _c2019
300 _ap.121-145.
650 _aJurisprudence - Scottland
_96266
773 _aPublic Law
906 _aHuman rights
942 _2ddc
_cAR